000
00276nam a22001337a 4500
008
170303b xxu||||| |||| 00| 0 eng d
020
_a
0962474574
041
_a
eng
080
_a
575
100
_a
6
101
_a
SHM
245
_a
NEW GENETICS
_c
JARROFF,L
942
_2
udc
_c
BK
999
_c
6730
_d
6730